000 00591nam a2200145 a 4500
008 060904s2002 xx |||||||||||||| || u
050 _aTHESIS
100 _aMhango, Lydia
245 1 0 _aOrganizational change and employees' response to change
_cMBA thesis supervised by J.M. Tembo
260 _a
_bCopperbelt University, School of Business, MBA Programme
_c2002
350 _a0.00
650 0 _aORGANIZATIONAL CHANGE
650 0 _aMANAGEMENT
995 _D0.00
_FCBU-MAIN LIBRARY (Kitwe)
_H1
_I0.00
_M1
_UAVAILABLE
_WSep 4, 2006
_ZUniversity Collection
999 _c52880
_d52880